00329nam a2200121Ia 4500008004100000041000800041082001400049100002000063245005100083260003700134300001900171999001700190241015s9999 xx 000 0 und d aeng a332.1 FLE aAmeila Fletcher aFinancial Systems, Banking And Monetary Policy bClanrye InternationalaUSAc2023 a243;. P. 25 Cm c41584d41584